000 00511nam a2200169Ia 4500
999 _c25043
_d25043
003 OSt
005 20211119111431.0
008 190216s9999||||xx |||||||||||||| ||und||
040 _coclc
082 _a894.812
_bVAS/B
100 _aVasudeva Bhattathiri, C V
_97274
245 0 _aBhashasastram /
_cC V Vasudeva Bhattathiri
260 _bCurrent Books,
_aThrissur:
_c1970.
300 _a330p
650 _aMalayalam-Malayalam Language
942 _cBK
_2ddc
_h894.812
_iVAS/B
_k894.812
_mVAS/B